| 000 -LEADER |
| fixed length control field |
00614nam a22001577a 4500 |
| 005 - DATE AND TIME OF LATEST TRANSACTION |
| control field |
20231222161040.0 |
| 008 - FIXED-LENGTH DATA ELEMENTS--GENERAL INFORMATION |
| fixed length control field |
231222s1949 ru ||||| |||| 00| 0 rus d |
| 041 ## - LANGUAGE CODE |
| Language code of text/sound track or separate title |
rus |
| 080 ## - UNIVERSAL DECIMAL CLASSIFICATION NUMBER |
| Universal Decimal Classification number |
902/904 Ч-15 |
| 100 ## - MAIN ENTRY--PERSONAL NAME |
| Personal name |
Чайлд, Гордон |
| 9 (RLIN) |
20859 |
| 245 ## - TITLE STATEMENT |
| Title |
Прогресс и археология / |
| Statement of responsibility, etc. |
Гордон Чайлд. |
| 264 ## - PRODUCTION, PUBLICATION, DISTRIBUTION, MANUFACTURE, AND COPYRIGHT NOTICE |
| Place of production, publication, distribution, manufacture |
Москва : |
| Name of producer, publisher, distributor, manufacturer |
Государственное издательство иностранной литературы, |
| Date of production, publication, distribution, manufacture, or copyright notice |
1949. |
| 300 ## - PHYSICAL DESCRIPTION |
| Extent |
194 с.; |
| Other physical details |
17 см. |
| 653 ## - INDEX TERM--UNCONTROLLED |
| keyword |
პროგრესი და არქეოლოგია |
| 942 ## - ADDED ENTRY ELEMENTS (KOHA) |
| Source of classification or shelving scheme |
|
| Koha item type |
წიგნი |